| 000 | 00635nam a2200205 a 4500 | ||
|---|---|---|---|
| 001 | 3471 | ||
| 003 | CDMR | ||
| 005 | 20131203115916.0 | ||
| 008 | 130130s1969||||||||||||||||||||||||||||d | ||
| 040 |
_aCDMR _bcat _cCDMR |
||
| 100 | 1 |
_aMcQuail, Denis _91285 |
|
| 245 | 1 | 0 |
_aSociología de los medios masivos de comunicación _cDenis McQuail |
| 260 |
_aBuenos Aires _c1969 _bPaidós |
||
| 300 | _a165 p. | ||
| 490 | 0 |
_aBiblioteca de Psicología Social y Sociología. _aSerie Mayor _v52 |
|
| 650 | 0 | 4 |
_91460 _aSociologia de la comunicació |
| 650 | 0 | 4 |
_94172 _aSocietat de massa |
| 650 | 0 | 4 |
_93284 _aComunicació _xInvestigació |
| 942 |
_cMON _2udc |
||
| 999 |
_c3471 _d3471 |
||